000
00306nam a22001337a 4500
008
170814b xxu||||| |||| 00| 0 eng d
020
_a
0471847259
041
_a
eng
080
_2
5TH
_a
51
100
_a
36
101
_a
MAT
245
_a
FINITE MATHEMATICS WITH APPLICATIONS
_c
MIZRAHI,A
942
_2
udc
_c
BK
999
_c
23395
_d
23395